000 00302 a2200133 4500
003 Nust
005 20170207154030.0
040 _cNust
100 _aE-Book
245 _aAsian Economic Insight (E-Book)
_bVol. 143: In this week’s issue
_cE-Book
260 _bHSBC
_c2003
300 _a13.p
651 _aE-Book
942 _2ddc
_cBK
999 _c192123
_d192123